1140 1979 1115 1534 1740 1094 1170 1166 1851 1440 1501 1342 1287 1920 1619 1995 1960 1951 1033 1876 1622 1229 1230 1070 1252 1562 1396 1302 1872 1770 1187 1250 1737 1222 1687 1544 1068 1100 1168 1380 1681 1173 1846 1760 1697 1207 1293 1031 1660 1801 1351 1654 1118 1717 1925 1707 1038 1682 1356 1601 1972 1937 1266 1294 1221 1271 1440 1991 1679 1846 1804 1209 1432 1726 1333 1842 1134 1568 1746 1326 1957 1538 1523 1956 1235 1806 1352 1882 1907 1574 1934 1543 1193 1469 1974 1906 1393 1326 1973 BCNSPRNW ULIB Ver.6.0+V

เปลี่ยนเป็นภาษาไทย

Change to English
 แสดงรายละเอียดบรรณานุกรม
  กลับหน้าหลัก

Brief Record : Get Marc (ISO 2709) : E-mail record : QR code < ปิดหน้าต่าง
LEADER : 00000nam 2200000uu 4500
001    13399111533
003     ULIB
008    110630s||||||||th 000 0 tha d
050  4 BQ4570^bพ346ป 2548
100 1  พระปราโมทย์ ปาโมชฺโช
245 10 ประทีปส่องธรรม /^cพระปราโมทย์ ปาโมชฺโช
250    พิมพ์ครั้งที่ 4
260    กรุงเทพฯ :^bธรรมดา,^c2548
300    280 หน้า ;^c18 ซม.
650  7 ธรรมะ
650  7 ธรรมะกับชีวิตประจำวัน
945    ^p0^l0^i025094
945    ^p0^l0^i023448
995    ทศพร
999 ^a ใช้งานได้ทุกระบบ
รายการนี้ยังไม่มีแท็ก
คุณยังไม่ได้ล็อกอิน คุณสามารถมีกิจกรรมร่วมกับเว็บไซต์ได้ แต่ต้องล็อกอินก่อน ::
  ล็อกอิน

รายการสื่อสารสนเทศ

ลำดับที่ ประเภท เลขเรียก/บาร์โค้ด สถานที่ สถานะ
- ไม่พบข้อมูล -

รายการใกล้เคียง
    หัวเรื่อง [ธรรมะ]
    หัวเรื่อง [ธรรมะกับชีวิตประจำวัน]

BibComment


ยังไม่เคยถูกคอมเมนท์

คอมเมนท์ทรัพยากรรายการนี้
  คอมเมนท์: ประทีปส่องธรรม พ..


 Copyright 2026. Bcnsprnw @Library